000 01128nam a2200313 i 4500
003 DO-SdBNP
005 20260305074000.0
007 ta
008 240703s2023 dr ao 001 0 spa d
020 _a9789945250749
040 _aDO-SdBNP
_bspa
_cBNPHU
_erda
082 _a923.17293
_bG377m
_222
100 1 _aGerón, Candido,
_d1948-
_eautor
_93577
245 1 4 _aMis conversaciones con Joaquín Balaguer /
_cCándido Gerón ; prólogo Aníbal de Castro
264 1 _aSanto Domingo :
_bAGN,
_c2023.
300 _a258 páginas,
_bilustraciones, fotografías
_c23 cm.
336 _2rdacontent
_atexto
_btxt
337 _2rdamedia
_asin mediación
_bn
338 _2rdacarrier
_avolumen
_bnc
490 1 _aArchivo General de la Nacion
_v492
500 _aIncluye datos biográficos del autor en la solapa de la portada.
500 _aIncluye índice onomástico.
500 _aIncluye notas a pie de páginas.
590 _aInventariado, 2024/ YL
700 1 _aCastro, Aníbal de
_eprólogo
_985934
710 2 _aArchivo General de la Nación (República Dominicana)
_985400
910 _aYLockward
942 _2ddc
_cLBS1
999 _c57129
_d57129